[Event "Frankfurt-ch"]
[Site "Frankfurt"]
[Date "2006.05.29"]
[Round "6"]
[White "Schmidt, Volker2"]
[Black "Pluns, Matthias"]
[Result "1-0"]
[WhiteElo "1547"]
[BlackElo "1478"]
[PlyCount "41"]
[EventDate "2006.04.24"]
[EventType "swiss"]
[EventRounds "7"]
[EventCountry "GER"]
[SourceTitle "EXT 2007"]
[Source "ChessBase"]
[SourceDate "2006.11.23"]
[SourceVersion "1"]
[SourceVersionDate "2006.11.23"]
[SourceQuality "1"]

1. e4 c5 2. Bc4 e6 3. Nc3 g6 4. d3 Bg7 5. Bd2 a6 6. Nf3 Ne7 7. e5 Nbc6 8. Qe2 Qc7 9. Bf4 Nf5 10. Ne4 0-0 11. c3 b6 12. g4 Bh6 13. Nf6+ Kh8 14. Bxh6 Nxh6 15. h4 d6 16. Ng5 Kg7 17. Ngxh7 Rh8 18. h5 Nxe5 19. g5 Qb7 20. gxh6+ Kxh6 21. Qe3+ 1-0

[Event "Main Kinzig-ch"]
[Site "Ronneburg"]
[Date "2003.11.21"]
[Round "6"]
[White "Pluns, Matthias"]
[Black "Plietz, Burckhard"]
[Result "1-0"]
[WhiteElo "1362"]
[BlackElo "1260"]
[PlyCount "95"]
[EventDate "2003.09.12"]
[EventType "swiss"]
[EventRounds "7"]
[EventCountry "GER"]
[SourceTitle "EXT 2015"]
[Source "ChessBase"]
[SourceDate "2014.11.20"]
[SourceVersion "1"]
[SourceVersionDate "2014.11.20"]
[SourceQuality "1"]

1. d4 e6 2. c4 Be7 3. Nc3 Nf6 4. Nf3 d6 5. e4 h6 6. Bd3 c5 7. 0-0 cxd4 8. Nxd4 0-0 9. Be3 Nc6 10. Nf3 Bd7 11. Rc1 Nb4 12. Bb1 Qa5 13. a3 Na6 14. Qe2 e5 15. Rcd1 Qc7 16. Nh4 Bg4 17. Nf3 Bd7 18. Nb5 Qb8 19. Qc2 Nc5 20. h3 Be6 21. Bc1 a6 22. Nc3 Rc8 23. Nd5 Re8 24. Bd2 Bxd5 25. exd5 e4 26. Nd4 Qc8 27. Qc3 Bd8 28. Qg3 Nh5 29. Qc3 Bf6 30. b3 Be5 31. Rfe1 f5 32. f3 Rf8 33. fxe4 Nxb3 34. Be3 f4 35. Bf2 Nxd4 36. Bxd4 Ng3 37. Bxe5 dxe5 38. Qxe5 Qxc4 39. d6 Rad8 40. Qd5+ Qxd5 41. Rxd5 g5 42. e5 f3 43. gxf3 Rxf3 44. e6 Rdf8 45. d7 Nh5 46. d8Q Nf6 47. Qc7 Ne8 48. Qh7# 1-0

[Event "Main Kinzig-ch"]
[Site "Ronneburg"]
[Date "2003.09.12"]
[Round "1"]
[White "Schneider, Uwe2"]
[Black "Pluns, Matthias"]
[Result "1-0"]
[WhiteElo "1827"]
[BlackElo "1362"]
[PlyCount "77"]
[EventDate "2003.09.12"]
[EventType "swiss"]
[EventRounds "7"]
[EventCountry "GER"]
[SourceTitle "EXT 2015"]
[Source "ChessBase"]
[SourceDate "2014.11.20"]
[SourceVersion "1"]
[SourceVersionDate "2014.11.20"]
[SourceQuality "1"]

1. e4 c5 2. f4 Nc6 3. Nf3 d6 4. Nc3 e5 5. d3 Nf6 6. Be2 Be7 7. h3 exf4 8. Bxf4 Nh5 9. Qd2 Bh4+ 10. Kd1 Ng3 11. Bxg3 Bxg3 12. Qg5 Qxg5 13. Nxg5 f6 14. Nf3 Be6 15. Nd5 Rc8 16. c3 Kf7 17. Rf1 h6 18. Nd2 b5 19. Bh5+ Kg8 20. Nxf6+ gxf6 21. Rxf6 Bf7 22. Bxf7+ Kg7 23. Rf3 Be5 24. Kc2 Rc7 25. Bd5 Nd8 26. Raf1 Re7 27. Rf5 Rc7 28. Nf3 Re7 29. g4 Ree8 30. g5 hxg5 31. Nxg5 a6 32. Rg1 Rh6 33. Ne6+ Kh8 34. Ng5 Kg7 35. d4 cxd4 36. cxd4 Bxd4 37. Ne6+ Kh8 38. Nxd4 Rxh3 39. Rfg5 1-0